Statistieken voor Gaststeden van de Olympische Zomerspelen

Klik hier om de quiz te nemen!

Algemene statistieken

  • Deze quiz is 2.563 keer genomen
    (1.982 sinds de laatste reset)
  • De gemiddelde score is 15 van 24

Antwoordstatistieken

JaarStad% Correct
1900, 1924, 2024Parijs
93%
1964, 2021Tokio
91%
1936Berlijn
89%
1928Amsterdam
88%
1908, 1948, 2012Londen
88%
1896, 2004Athene
85%
2008Peking
82%
2016Rio de Janeiro
82%
1960Rome
80%
1980Moskou
75%
1992Barcelona
74%
2000Sydney
67%
1932, 1984, 2028Los Angeles
64%
1920Antwerpen
56%
1968Mexico-Stad
56%
1988Seoel
55%
1912Stockholm
53%
1972München
52%
1952Helsinki
46%
1996Atlanta
42%
1956Melbourne
41%
1976Montreal
34%
2032Brisbane
26%
1904St. Louis
24%

Scoreverdeling

Percentiel versus Aantal Correcte Antwoorden

Procent van Mensen met Elke Score

Uw Scoregeschiedenis

U heeft deze quiz nog niet genomen sinds de laatste reset